Music Quiz

Random Music or Clickable Quiz

'60s Girl Groups Quiz Stats

 Plays Quiz Updated Oct 23, 2015

Challenge
Share
Tweet
Embed
Score 0/15 Timer 04:00
0 Plays Today
% Correct
The Supremes
87.4%
Martha and the Vandellas
67.9%
The Ronettes
55.2%
The Shangri-Las
48.1%
The Shirelles
46.4%
The Chiffons
39.6%
The Marvelettes
36.2%
The Dixie Cups
29%
% Correct
The Crystals
26.9%
The Angels
24.2%
The Toys
21.5%
The Dixiebelles
19.7%
The Cookies
18.2%
The Jaynetts
16.8%
The Murmaids
16.8%

You're not logged in!

Compare scores with friends on all Sporcle quizzes.
Join for Free
OR
Log In

You Might Also Like...

Show Comments

Extras

Top Quizzes Today


Score Distribution

Your Account Isn't Verified!

In order to create a playlist on Sporcle, you need to verify the email address you used during registration. Go to your Sporcle Settings to finish the process.

Report this User

Report this user for behavior that violates our Community Guidelines.

Details: